Indiayile pathra viplavam: Muthalalitham, raashtriyam, bharathiya bhasha pathrangal, 1977-99 (Record no. 42452)

MARC details
000 -LEADER
fixed length control field 00365nam a2200121Ia 4500
020 ## - INTERNATIONAL STANDARD BOOK NUMBER
ISBN 8176354496
082 ## - DEWEY DECIMAL CLASSIFICATION NUMBER
Classification number 070(540)
Item number JEF
100 ## - MAIN ENTRY--AUTHOR NAME
Personal name Jeffrey, Robin
245 #0 - TITLE STATEMENT
Title Indiayile pathra viplavam: Muthalalitham, raashtriyam, bharathiya bhasha pathrangal, 1977-99
260 ## - PUBLICATION, DISTRIBUTION, ETC. (IMPRINT)
Place of publication Trivandrum
Name of publisher Kerala
Year of publication 2004
942 ## - ADDED ENTRY ELEMENTS (KOHA)
Koha item type Books
Holdings
Withdrawn status Lost status Damaged status Not for loan Home library Current library Date acquired Cost, normal purchase price Full call number Accession Number Koha item type
        RRII Library RRII Library 16/12/2021 115.00 070(540) JEF 22724 Books